Matemática 1: educación media

Guardat en:
Dades bibliogràfiques
Autors principals: Jarufe Abedrabu, Teodoro (Autor), Blanco M., Santiago (Autor)
Format: Llibre
Idioma:espanyol
Publicat: Santiago Santillana del Pacífico 1982
Matèries:
Etiquetes: Afegir etiqueta
Sense etiquetes, Sigues el primer a etiquetar aquest registre!

MARC

LEADER 00000nam a2200000 a 4500
001 UCH6287
003 CL-VaPUC
008 091109e19820000CL |||||||||||||||||spa|d
082 0 4 |a 372.7  |b JAR  |2 21 
100 |a Jarufe Abedrabu, Teodoro  |e author  |9 542720 
700 0 |a Blanco M., Santiago  |e author  |9 542718 
245 1 0 |a Matemática 1: educación media 
300 |a 240 p 
942 |c BK 
945 |d 20091109 00:00:00  |a lazolas 
260 |a Santiago  |b Santillana del Pacífico  |c 1982 
650 0 |a Matemáticas  |x Enseñanza  |9 875527 
650 0 |a Libros de texto  |9 270019 
583 |a last modification  |c 20131129 02:33:42  |k Rodrigo Vera 
999 |c 337205  |d 337203